Prácticas Elementales de Biología / (Record no. 7922)

000 -CABECERA
fixed length control field 00873nam a22002297a 4500
003 - IDENTIFICADOR DEL NÚMERO DE CONTROL
control field AR-CdUCM
008 - DATOS DE LONGITUD FIJA--INFORMACIÓN GENERAL
fixed length control field 190321b ||||| |||| 00| 0 spa d
040 ## - FUENTE DE LA CATALOGACIÓN
Agencia/entidad que catalogó originalmente la obra MUNICIPALIDAD PROVINCIAL DEL CUSCO
Entidad que transcribió la catalogación BIBLIOTECA MUNICIPAL DEL CUSCO
082 ## - NÚMERO DE LA CLASIFICACIÓN DECIMAL DEWEY
No. de Clasificación 574 /
Notacion interna R63
100 ## - ENTRADA PRINCIPAL--NOMBRE DE PERSONA
Nombre Personal Rioja Lo Bianco, Enrique
245 ## - MENCIÓN DE TÍTULO
Título Prácticas Elementales de Biología /
260 ## - PUBLICACIÓN, DISTRIBUCIÓN, ETC.
Lugar de publicación, distribución, etc. Santander :
Nombre de la editorial, distribuidor, etc. Aldus S. A. ;
Fecha de publicación, distribución, etc. 1928.
300 ## - DESCRIPCIÓN FÍSICA
Nº de Páginas Extensión 182 páginas ;
Otros detalles físicos Ilustraciones
Dimensiones 22cm
505 ## - NOTA DE CONTENIDO CON FORMATO
Nota de contenido formateada Contenido: Construcción química de la materia viva -- Citología -- Reacciones de los seres vivos a los estímulos exteriores -- Reproducción de los seres vivos -- Histología animal...
650 ## - PUNTO DE ACCESO ADICIONAL DE MATERIA--TÉRMINO DE MATERIA
Descriptor Animales
9 (RLIN) 917
650 ## - PUNTO DE ACCESO ADICIONAL DE MATERIA--TÉRMINO DE MATERIA
Descriptor Células
9 (RLIN) 18534
650 ## - PUNTO DE ACCESO ADICIONAL DE MATERIA--TÉRMINO DE MATERIA
Descriptor Zoología
9 (RLIN) 18986
650 ## - PUNTO DE ACCESO ADICIONAL DE MATERIA--TÉRMINO DE MATERIA
Descriptor Biología
9 (RLIN) 881
700 ## - PUNTO DE ACCESO ADICIONAL--NOMBRE DE PERSONA
Nombre Personal Cendrero Curiel, Orestes
9 (RLIN) 22392
942 ## - ELEMENTOS DE PUNTO DE ACCESO ADICIONAL (KOHA)
Fuente de clasificación
Tipo de item Libros-BMC
945 ## - PROCESAMIENTO DE INFORMACIÓN LOCAL (OCLC)
Catalogador nom
Holdings
Estado de retiro (separado) Fuente de clasificación o esquema de estanterías Estado dañado Ubicación Sala donde se ubica Nombre de la colección Fecha de adquisición o compra Costo, precio normal en soles Signatura topográfica Código de Barras Última vez visto (Koha) Tipo de ítem (Koha)
No     Sala Ciencias Sala Ciencias Book Cart 2019-03-21 25.00 574 / R63 SC0000000881 2019-03-21 Libros-BMC

Powered by Koha